000 00765nam a2200253Ia 4500
003 OSt
005 20220925164556.0
006 a|||||r|||| 00| 0
007 ta
008 220923b |||||||| |||| 00| 0 eng d
020 _a0817351094
037 _cGeneral Book
040 _aRTL
_cRTL
_beng
041 _2eng
_aeng
082 _aX.73.N14<-M80, L6
100 _aThimm Alfred L
_9230666
245 0 _aBusiness ideologies in the reform progressive era, 1880-1914
260 _aAlbama
_bUniversity of Alboma Press
_c1976
300 _aviii,264p.
_ccm.
500 _aBibliography p 244-57
650 _aUnited States Economic Conditions
_9230667
942 _hX.73.N14<-M80, L6
_cGB
_2CC
999 _c475465
_d475465